000 00356nam a22001457a 4500
005 20250217131118.0
008 250217b |||||||| |||| 00| 0 eng d
050 _aHF5823
_bAHU
100 _aAhuja, B.N.
245 _aAdvertising
260 _aKamla Nagar
_bSurjeet Publications
_c2011
300 _av,230p
700 _aCHHABRA, S. S.
942 _2lcc
_cBK
_n0
999 _c3910
_d3910